[Event "Penang op 11th"]
[Site "Penang"]
[Date "2019.12.11"]
[Round "5"]
[White "Nouri, Alekhine"]
[Black "Tin, Shan Wen"]
[Result "1-0"]
[WhiteElo "2212"]
[BlackElo "1907"]
[PlyCount "35"]
[EventDate "2019.12.09"]
[EventType "swiss"]
[EventRounds "9"]
[EventCountry "MAS"]
[SourceTitle "CBM 193 Extra"]
[Source "ChessBase"]
[SourceDate "2020.01.31"]
[SourceVersion "1"]
[SourceVersionDate "2020.01.31"]
[SourceQuality "1"]

1. d4 Nf6 2. Bg5 e6 3. e4 h6 4. Bxf6 Qxf6 5. c3 d5 6. Nd2 Qd8 7. Bd3 c5 8. Ne2 Nc6 9. 0-0 b6 10. Nf4 Bd6 11. Bb5 Qc7 12. exd5 exd5 13. Nxd5 Qd7 14. Ne4 Bxh2+ 15. Kxh2 Qxd5 16. c4 Qe6 17. d5 Qe5+ 18. f4 1-0

[Event "Penang op 10th"]
[Site "Penang"]
[Date "2018.12.04"]
[Round "3"]
[White "Ma, Ling"]
[Black "Tin, Shan Wen"]
[Result "1-0"]
[WhiteElo "2025"]
[BlackElo "1739"]
[PlyCount "55"]
[EventDate "2018.12.03"]
[EventType "swiss"]
[EventRounds "9"]
[EventCountry "MAS"]
[SourceTitle "CBM 187 Extra"]
[Source "ChessBase"]
[SourceDate "2018.11.04"]
[SourceVersion "1"]
[SourceVersionDate "2018.11.04"]
[SourceQuality "1"]

1. Nf3 g6 2. e4 Bg7 3. d4 d6 4. Nc3 Nd7 5. Be3 e5 6. dxe5 dxe5 7. Bc4 Ngf6 8. 0-0 0-0 9. h3 Qe7 10. a4 Nb6 11. Bb3 Be6 12. a5 Nc4 13. Bg5 Nxb2 14. Bxf6 Bxf6 15. Qe2 Qc5 16. Nd5 Bxd5 17. Bxd5 c6 18. Bb3 Qc3 19. Qe1 Qc5 20. Ra2 Bd8 21. a6 b5 22. Rxb2 Bc7 23. Qe2 Ba5 24. Rd1 Bc3 25. Rbb1 Qb6 26. Rd7 h6 27. Nh4 Kh8 28. Qf3 1-0

[Event "Penang op 8th"]
[Site "Penang"]
[Date "2016.12.07"]
[Round "5"]
[White "Ho, Yi Amadeus"]
[Black "Tin, Shan Wen"]
[Result "1-0"]
[WhiteElo "1410"]
[BlackElo "1613"]
[PlyCount "71"]
[EventDate "2016.12.05"]
[EventType "swiss"]
[EventRounds "9"]
[EventCountry "MAS"]
[SourceTitle "CBM 176 Extra"]
[Source "ChessBase"]
[SourceDate "2017.03.02"]
[SourceVersion "1"]
[SourceVersionDate "2017.03.02"]
[SourceQuality "1"]

1. d4 Nf6 2. Nf3 g6 3. Bg5 Bg7 4. e3 0-0 5. Bd3 d6 6. 0-0 h6 7. Bh4 Nbd7 8. Nbd2 g5 9. Bg3 c5 10. c3 b6 11. h3 Bb7 12. Re1 d5 13. e4 cxd4 14. Nxd4 Nc5 15. Qc2 Nxd3 16. Qxd3 Nxe4 17. Nxe4 dxe4 18. Qe3 Bxd4 19. cxd4 f5 20. Be5 Rc8 21. Rac1 Qd5 22. h4 f4 23. Qh3 e3 24. f3 Qa5 25. Qe6+ Kh7 26. h5 Qxe5 27. Qxe5 Rf7 28. Rxc8 Bxc8 29. Qc7 Be6 30. Qxa7 g4 31. Qxb6 gxf3 32. Qxe6 f2+ 33. Kf1 Rg7 34. Re2 Kh8 35. Qxh6+ Kg8 36. Qxf4 1-0